Pays dont la capitale commence par R - Mort Subite - Statistiques

Statistiques générales
  • Ce quiz a été pris 134 fois
  • Le résultat moyen est 5 sur 6
Answers on the Grid
Answers color-coded by a green-red scale on the quiz's grid according to % correct below.
Maroc
Islande
Lettonie
Arabie Saoudite
Italie
Dominique
Rwanda
Brésil
Pays-Bas
Argentine
 
Statistiques - réponses
Réponse % Correct
Rome Italie
97%
Rabat Maroc
93%
Reykjavík Islande
91%
Riyad Arabie Saoudite
87%
Riga Lettonie
82%
Roseau Dominique
54%
Aucun quiz correspondant
Distribution des résultats
% des personnes avec chaque résultat
Percentile par nombre de réponses
Votre historique - résultats
Vous n’avez pas pris ce quiz